Colección Agraria /
Contenido: Ley Agraria; Reglamento de la Ley Agraria en materia de certificación de derechos ejidales y titulación de solares; Reglamento interior de la Secretaría de la Reforma Agraria; Reglamento interior del Registro Agrario Nacional; Reglamento interior de la Comisión para la Regularización de l...
Tallennettuna:
| Yhteisötekijä: | |
|---|---|
| Aineistotyyppi: | Kirja |
| Kieli: | espanja |
| Julkaistu: |
México :
Delma,
2002, c2002
|
| Aiheet: | |
| Tagit: |
Ei tageja, Lisää ensimmäinen tagi!
|
MARC
| LEADER | 00000nam^a2200000^a^4500 | ||
|---|---|---|---|
| 001 | 000153932 | ||
| 005 | 20250521000000.0 | ||
| 009 | 20260310100336.773 | ||
| 037 | |a Acervo ITESO - Biblioteca | ||
| 041 | |a ESP | ||
| 082 | |a 346. 72074 |b MEX 2001 | ||
| 110 | |a México | ||
| 240 | 1 | 1 | |a [Ley Agraria] |
| 245 | 1 | 0 | |a Colección Agraria / |
| 246 | 2 | |a Título en la cubierta: Colección agraria: Compendio de leyes, reglamentos y disposiciones legales sobre materia agraria | |
| 264 | 4 | |a México : |b Delma, |c 2002, c2002 | |
| 300 | |a XVI, 307 p. | ||
| 336 | |a texto |b txt |2 rdacontenido | ||
| 337 | |a sin mediación |b n |2 rdamedio | ||
| 338 | |a volumen |b nc |2 rdasoporte | ||
| 520 | |a Contenido: Ley Agraria; Reglamento de la Ley Agraria en materia de certificación de derechos ejidales y titulación de solares; Reglamento interior de la Secretaría de la Reforma Agraria; Reglamento interior del Registro Agrario Nacional; Reglamento interior de la Comisión para la Regularización de la Tenencia de la Tierra; Reglamento interior del Departamento de Asuntos Agrarios y Colonización; Ley orgánica de los Tribunales Agrarios; Reglamento interior de los Tribunales Agrarios; Ley de Educación Agrícola; Ley sobre Cámaras Agrícolas, que en lo sucesivo se denominarán Asociaciones Agrícolas; Reglamento de la Ley de Asociaciones Agrícolas; Reglamento de la Ley Agraria para fomentar la organización y desarrollo de la mujer campesina. | ||
| 649 | |a XX | ||
| 650 | |a Tenencia de la Tierra - |z México - |x Leyes y Reglamentos | ||
| 650 | |a Reforma Agraria - |z México - |x Leyes y Reglamentos | ||
| 650 | |a Política Agraria - |z México - |x Leyes y Reglamentos | ||
| 650 | |a Derecho Agrario - |z México - |x Leyes y Reglamentos | ||
| 650 | |a Derecho Público - |z México | ||
| 910 | |a Fondo General | ||
| 920 | |a Impresos - Libros | ||
| 930 | |a Colección General | ||
| 905 | |a 101 | ||
| 901 | |a 0500082232 |b IT1 |c ACC |u 20250521 | ||
| 902 | |a https://opac.biblio.iteso.mx/vufind/Record/000153932 | ||